| 000 | 01251cam a2200289 4500 | ||
|---|---|---|---|
| 001 | M1812 | ||
| 008 | 090401t1995 xxu||||| |||| 00| 0 eng d | ||
| 035 | _a(Sirsi) u34666 | ||
| 041 | _aeng | ||
| 050 | _a658.2 | ||
| 090 | _aRICS 1995/41A | ||
| 110 |
_aRoyal Institution of Chartered Surveyors _94900 |
||
| 245 | _aDoing business better: the yield from facilities management ... (conference held at) The Royal Society of Arts, London, Tuesday 16 May 1995. | ||
| 260 |
_aLondon _bRICS Conferences & Training _c1995 |
||
| 300 | _a6 items in folder ; 30cm. | ||
| 350 | _a0 | ||
| 520 | _aConference papers: Programme and biographical notes. - Synopses. - Performance measurement: a route to management information / JACK, J. - Strategic management: portfolio/asset management / BORRETT, N. - The Private Finance Initiative and facilities management / REMINGTON, P. - Corporate wide contracting: partnering options / JONES, O. | ||
| 650 | _aASSET MANAGEMENT | ||
| 650 |
_aFACILITIES MANAGEMENT _96240 |
||
| 650 | _aPERFORMANCE MEASUREMENT | ||
| 650 | _aPORTFOLIO MANAGEMENT | ||
| 650 | _aPRIVATE FINANCE INITIATIVE | ||
| 650 | _aSTRATEGIC MANAGEMENT | ||
| 690 | _aOFFICE SERVICES AND ADMINISTRATION | ||
| 942 | _n0 | ||
| 948 | _c04/03/1997 | ||
| 999 |
_c89977 _d89977 |
||